| 000 | 00487 a2200157 4500 | ||
|---|---|---|---|
| 999 |
_c41568 _d41568 |
||
| 003 | OSt | ||
| 005 | 20221003134317.0 | ||
| 008 | 221003b ||||| |||| 00| 0 eng d | ||
| 020 | _a9789251069158 | ||
| 040 | _coclc | ||
| 082 |
_a613 _bCHA/F |
||
| 245 |
_aFood composition study guide / _cU Ruth Charrondiere |
||
| 260 |
_aRome: _bFood and agriculture organization of the United Nations, _c2011. |
||
| 300 | _a216 pages | ||
| 942 |
_2ddc _cBK _h613 _iCHA/F _k613 _mCHA/F |
||